| 000 | 00744nam a2200265Ia 4500 | ||
|---|---|---|---|
| 003 | OSt | ||
| 005 | 20221006160221.0 | ||
| 006 | a|||||r|||| 00| 0 | ||
| 007 | ta | ||
| 008 | 221006b |||||||| |||| 00| 0 eng d | ||
| 020 |
_a1891936417 _c _29.95 |
||
| 024 | _a44,635 | ||
| 037 |
_bGift, Window on Korea _cTextual |
||
| 040 |
_aEASL _cEASL _beng |
||
| 041 |
_2eng _aeng |
||
| 082 | _aO495,1N16, P5 | ||
| 100 |
_aPak Tu-Jin _9672455 |
||
| 245 | 0 |
_aRiver of life river of hope _b Selected Poems of Pak tu-jin |
|
| 260 |
_aNorwalk _bEastbridge _c2005 |
||
| 300 |
_a106p. _ccm. |
||
| 490 | _v KEL | ||
| 650 | _aKEL | ||
| 942 |
_hO495,1N16, P5 _cTEXL _2CC |
||
| 999 |
_c1112727 _d1112727 |
||